[Event "29ième Championnat de Martinique"]
[Site "Fort-de-France"]
[Date "2013.05.22"]
[Round "10"]
[White "Montabord, Manuel"]
[Black "Medeuf, Yonhel"]
[Result "0-1"]
[WhiteElo "2052"]
[BlackElo "2072"]
[PlyCount "82"]
[EventDate "2013.05.18"]
[EventType "tourn"]
[EventRounds "11"]
[EventCountry "MFR"]

1. e4 c5 2. Nc3 Nc6 3. Bb5 Nd4 4. Nf3 g6 5. Nxd4 cxd4 6. Ne2 Nf6 7. Bd3 e5 8.
f4 Bg7 9. O-O O-O 10. fxe5 Ng4 11. Bc4 Bxe5 12. h3 d3 13. hxg4 dxe2 14. Qxe2
Bd4+ 15. Rf2 d6 16. d3 Qb6 17. Bh6 Bxf2+ 18. Qxf2 Qxf2+ 19. Kxf2 Re8 20. Kf3
Be6 21. Bb5 Rec8 22. c3 Rc5 23. c4 a6 24. Ba4 b5 25. Bc2 bxc4 26. d4 Rb5 27.
Rb1 Rab8 28. Bc1 d5 29. e5 Kg7 30. b3 f6 31. Bf4 Rf8 32. Kg3 f5 33. Rh1 Rf7 34.
g5 Rc7 35. Bd2 Rbb7 36. Ba5 Rc8 37. b4 f4+ 38. Kf3 Rf7 39. Rh4 Bf5 40. Bxf5
Rxf5 41. e6 Re8 0-1

[Event "29ième Championnat de Martinique"]
[Site "Fort-de-France"]
[Date "2013.05.22"]
[Round "10"]
[White "Lafortune, Emerick"]
[Black "Verneuil, Pascal"]
[Result "1/2-1/2"]
[WhiteElo "1713"]
[BlackElo "2069"]
[PlyCount "64"]
[EventDate "2013.05.18"]
[EventType "tourn"]
[EventRounds "11"]
[EventCountry "MFR"]

1. Nf3 Nf6 2. c4 e6 3. g3 g6 4. Bg2 Bg7 5. O-O O-O 6. Nc3 d5 7. d4 b6 8. Ne5
Bb7 9. Qa4 c5 10. Rd1 cxd4 11. cxd5 Nxd5 12. Nxd5 Bxd5 13. Qxd4 Nd7 14. Bf4
Bxg2 15. Kxg2 Nc5 16. Qxd8 Rfxd8 17. b4 Na6 18. Nc6 Bxa1 19. Nxd8 Nxb4 20. Rd7
Nd5 21. Nxf7 Nxf4+ 22. gxf4 Bg7 23. Ng5 Re8 24. Rxa7 e5 25. fxe5 Rxe5 26. Ra8+
Bf8 27. Nxh7 Kxh7 28. Rxf8 Rxe2 29. Rb8 Rxa2 30. Rxb6 Kg7 31. Kg3 Ra5 32. f4
Kf7 1/2-1/2

[Event "29ième Championnat de Martinique"]
[Site "Fort-de-France"]
[Date "2013.05.22"]
[Round "10"]
[White "Marceline, Philippe"]
[Black "Nardol, Fred"]
[Result "1/2-1/2"]
[WhiteElo "1984"]
[BlackElo "1894"]
[PlyCount "47"]
[EventDate "2013.05.18"]
[EventType "tourn"]
[EventRounds "11"]
[EventCountry "MFR"]

1. e4 e6 2. d4 d5 3. e5 c5 4. c3 Nc6 5. Nf3 Qb6 6. Na3 cxd4 7. cxd4 Bb4+ 8. Bd2
Nh6 9. Nc2 Bxd2+ 10. Qxd2 O-O 11. Bd3 f6 12. exf6 Rxf6 13. Ng5 g6 14. O-O Kg7
15. Rae1 Bd7 16. b4 Raf8 17. Re3 Nf5 18. Bxf5 exf5 19. f4 h6 20. Nf3 Re8 21.
Rxe8 Bxe8 22. Re1 Bf7 23. g3 Re6 24. Rxe6 1/2-1/2

[Event "29ième Championnat de Martinique"]
[Site "Fort-de-France"]
[Date "2013.05.22"]
[Round "10"]
[White "Suez Panama, Gilles"]
[Black "Midonet, Mathieu"]
[Result "0-1"]
[WhiteElo "2059"]
[BlackElo "2138"]
[PlyCount "128"]
[EventDate "2013.05.18"]
[EventType "tourn"]
[EventRounds "11"]
[EventCountry "MFR"]

1. d4 d5 2. Nf3 Nf6 3. c4 c6 4. g3 Bf5 5. cxd5 cxd5 6. Nc3 Qb6 7. Bg2 e6 8. O-O
Nc6 9. Na4 Qb5 10. Nh4 Bg6 11. a3 Na5 12. b4 Nc4 13. Nc3 Qd7 14. Nxg6 hxg6 15.
Qd3 Rc8 16. Rd1 Be7 17. e4 Nb6 18. e5 Ng8 19. Bf1 Nc4 20. Ra2 Bd8 21. a4 Ne7
22. Qb1 Nf5 23. Qb3 O-O 24. a5 Be7 25. Be2 Qc6 26. g4 Nh4 27. Rc2 b6 28. b5 Qc7
29. a6 f6 30. Ne4 g5 31. f4 Qd7 32. fxg5 fxe5 33. Qh3 Ng6 34. Nf6+ gxf6 35. Qh6
Qe8 36. gxf6 Bxf6 37. dxe5 Bg7 38. Qh3 Ncxe5 39. Rxc8 Qxc8 40. Be3 Qc3 41. g5
Rf5 42. Rc1 Nf4 43. Rxc3 Nxh3+ 44. Kg2 Nf4+ 45. Bxf4 Rxf4 46. Rc8+ Bf8 47. Re8
Re4 48. Bh5 Nf7 49. Ra8 Nxg5 50. Rxa7 Rb4 51. Be8 Rb2+ 52. Kg3 Ne4+ 53. Kf3
Rf2+ 54. Kg4 Bd6 55. Bd7 Rf4+ 56. Kh5 Kf7 57. Bc8+ Be7 58. Rxe7+ Kxe7 59. a7
Nf6+ 60. Kh6 Ra4 61. Ba6 Rh4+ 62. Kg7 Rg4+ 63. Kh6 Kf7 64. a8=Q Rg6# 0-1

[Event "29ième Championnat de Martinique"]
[Site "Fort-de-France"]
[Date "2013.05.22"]
[Round "10"]
[White "Mendiondo, Yosvany"]
[Black "Chancerel, Dominique"]
[Result "1-0"]
[WhiteElo "2040"]
[BlackElo "1832"]
[PlyCount "76"]
[EventDate "2013.05.18"]
[EventType "tourn"]
[EventRounds "11"]
[EventCountry "MFR"]

1. Nf3 d5 2. c4 e6 3. d4 Be7 4. g3 c6 5. Qc2 Nd7 6. Bg2 Bf6 7. O-O dxc4 8. e4
Nb6 9. Be3 h5 10. Nbd2 h4 11. Rfe1 hxg3 12. hxg3 Nh6 13. Nxc4 Ng4 14. Nxb6 Nxe3
15. Rxe3 Qxb6 16. Rd1 Bd7 17. Rb3 Qc7 18. e5 Be7 19. Nd2 Rc8 20. Rc1 b6 21. a3
c5 22. Rc3 Bc6 23. Ne4 Qd7 24. dxc5 Bxe4 25. Qxe4 bxc5 26. b4 O-O 27. bxc5 Qd2
28. c6 Bxa3 29. R1c2 Qd1+ 30. Bf1 Qa1 31. Kg2 a5 32. Bd3 g6 33. Qg4 Kg7 34. Qf4
Be7 35. c7 Rh8 36. Rc1 Qb2 37. Ba6 g5 38. Qe3 g4 1-0

[Event "29ième Championnat de Martinique"]
[Site "Fort-de-France"]
[Date "2013.05.21"]
[Round "9"]
[White "Nardol, Fred"]
[Black "Lafortune, Emerick"]
[Result "1/2-1/2"]
[WhiteElo "1894"]
[BlackElo "1713"]
[PlyCount "58"]
[EventDate "2013.05.18"]
[EventType "tourn"]
[EventRounds "11"]
[EventCountry "MFR"]

1. d4 Nf6 2. c4 e6 3. g3 c5 4. d5 exd5 5. cxd5 d6 6. Bg2 g6 7. b4 Bg7 8. Bb2
Qb6 9. a3 O-O 10. Nf3 Na6 11. O-O cxb4 12. Nfd2 Re8 13. Nc4 Qc5 14. Qd4 Bd7 15.
Nbd2 Rad8 16. e4 Bb5 17. Rfc1 Qxd4 18. Bxd4 Nxe4 19. Bxg7 Nxd2 20. Nxd2 Kxg7
21. axb4 Re2 22. Ne4 Bd3 23. Nc3 Rb2 24. b5 Bxb5 25. Rab1 Rxb1 26. Rxb1 Bd3 27.
Rxb7 Rc8 28. Rb3 Nc5 29. Ra3 Na4 1/2-1/2

[Event "29ième Championnat de Martinique"]
[Site "Fort-de-France"]
[Date "2013.05.22"]
[Round "9.1"]
[White "Verneuil, Pascal"]
[Black "Montabord, Manuel"]
[Result "1/2-1/2"]
[WhiteElo "2069"]
[BlackElo "2052"]
[PlyCount "72"]
[EventDate "2013.05.18"]
[EventType "tourn"]
[EventRounds "11"]
[EventCountry "MFR"]

1. e4 c6 2. d4 d5 3. e5 Bf5 4. Bd3 Bxd3 5. Qxd3 e6 6. Be3 Nd7 7. Ne2 c5 8. c3
Ne7 9. O-O Nc6 10. f4 g6 11. Nd2 Rc8 12. a3 Be7 13. Kh1 h5 14. Rf3 cxd4 15.
cxd4 Nb6 16. b3 Bf8 17. Rff1 Ne7 18. Rfc1 Rxc1+ 19. Rxc1 Nf5 20. b4 Qd7 21. Bf2
Be7 22. b5 O-O 23. h3 h4 24. a4 Nxa4 25. Ra1 Nb6 26. Rxa7 Rc8 27. Nb3 Nc4 28.
Nc3 Ng3+ 29. Bxg3 hxg3 30. Qxg3 Qc7 31. Na4 Qb8 32. b6 Rc6 33. Nac5 Rxb6 34.
Ra1 Qd8 35. Ra7 Qb8 36. Ra2 Qd8 1/2-1/2

[Event "29ième Championnat de Martinique"]
[Site "Fort-de-France"]
[Date "2013.05.22"]
[Round "9.1"]
[White "Mendiondo, Yosvany"]
[Black "Guillaume, Marvin"]
[Result "1-0"]
[WhiteElo "2040"]
[BlackElo "1693"]
[PlyCount "157"]
[EventDate "2013.05.18"]
[EventType "tourn"]
[EventRounds "11"]
[EventCountry "MFR"]

1. Nf3 Nf6 2. c4 c5 3. Nc3 g6 4. g3 Bg7 5. Bg2 d6 6. O-O O-O 7. d3 e5 8. Bd2
Nc6 9. Rb1 Re8 10. e4 Bg4 11. h3 Bxf3 12. Bxf3 Qc8 13. Kh2 a6 14. Bg5 Ne7 15.
b4 Rb8 16. bxc5 Qxc5 17. Be3 Qc8 18. Qb3 Nd7 19. Bg4 h5 20. Bxd7 Qxd7 21. Bg5
Nc6 22. Be3 f5 23. exf5 gxf5 24. Nd5 Ne7 25. Nb6 Qe6 26. Bg5 Nc6 27. Nd5 Nd4
28. Qd1 Qf7 29. Rb6 e4 30. Bf4 Nf3+ 31. Kg2 Bd4 32. Rxd6 Kg7 33. dxe4 fxe4 34.
Nb6 Rbd8 35. Rxd8 Rxd8 36. Nd5 b5 37. Qc2 Qf5 38. Ne3 Bxe3 39. Bxe3 h4 40. cxb5
hxg3 41. fxg3 Rf8 42. Qb2+ Kg6 43. Qe2 Rh8 44. Rh1 axb5 45. Qd1 Ra8 46. Qd6+
Kh7 47. a3 Nh4+ 48. Kh2 Qf3 49. Qh6+ Kg8 50. Qg5+ Kf7 51. Qd5+ Kg6 52. Qe6+ Kh7
53. Qh6+ Kg8 54. Qg5+ Kf7 55. gxh4 Qe2+ 56. Qg2 Qxe3 57. Rf1+ Ke6 58. Qg6+ Ke5
59. Rf5+ Kd4 60. Qb6+ Kd3 61. Qxb5+ Kd2 62. Qb2+ Ke1 63. Qb1+ Kd2 64. Qb4+ Ke2
65. Qb2+ Ke1 66. Qb1+ Ke2 67. Qf1+ Kd2 68. Rf2+ Kc3 69. Qa1+ Kc4 70. Qa2+ Kc3
71. Qb2+ Kc4 72. Rc2+ Kd3 73. Qb3+ Kd4 74. Rc4+ Kd5 75. Qb5+ Kd6 76. Rc6+ Kd7
77. Qb7+ Kd8 78. Qxa8+ Kd7 79. Qb7+ 1-0

[Event "29ième Championnat de Martinique"]
[Site "Fort-de-France"]
[Date "2013.05.22"]
[Round "9.1"]
[White "Midonet, Mathieu"]
[Black "Marceline, Philippe"]
[Result "1-0"]
[WhiteElo "2138"]
[BlackElo "1984"]
[PlyCount "69"]
[EventDate "2013.05.18"]
[EventType "tourn"]
[EventRounds "11"]
[EventCountry "MFR"]

1. e4 d6 2. d4 Nf6 3. Nc3 e5 4. Nf3 Nbd7 5. Bc4 Be7 6. O-O O-O 7. Re1 c6 8. a4
Qc7 9. dxe5 Nxe5 10. Nxe5 dxe5 11. Qf3 b6 12. h3 a6 13. Ne2 Nd7 14. Ng3 Nc5 15.
Nh5 Be6 16. Bxe6 Nxe6 17. Qg4 Kh8 18. Bd2 g6 19. Ng3 Bf6 20. c3 Rfd8 21. Rad1
Rd3 22. Bg5 Bxg5 23. Rxd3 Rd8 24. Rxd8+ Bxd8 25. Qd1 Be7 26. Ne2 Kg7 27. Nc1
Nf8 28. Qd3 Qc8 29. Rd1 f6 30. Qc4 Ne6 31. Ne2 Kf8 32. b4 Nd8 33. Qd3 Ke8 34.
Qe3 Qb7 35. Qh6 1-0

[Event "29ième Championnat de Martinique"]
[Site "Fort-de-France"]
[Date "2013.05.21"]
[Round "9"]
[White "Chancerel, Dominique"]
[Black "Suez Panama, Gilles"]
[Result "0-1"]
[WhiteElo "1832"]
[BlackElo "2059"]
[PlyCount "52"]
[EventDate "2013.05.18"]
[EventType "tourn"]
[EventRounds "11"]
[EventCountry "MFR"]

1. e4 e6 2. d4 d5 3. Nc3 Nf6 4. e5 Nfd7 5. f4 c5 6. Nf3 Nc6 7. a3 cxd4 8. Nxd4
Ndxe5 9. Bb5 Bd7 10. O-O Nxd4 11. Qxd4 Nc6 12. Qf2 Be7 13. f5 O-O 14. Kh1 a6
15. Be2 d4 16. Ne4 exf5 17. Ng3 g6 18. Bh6 Re8 19. Bf3 Bf6 20. Rae1 Be6 21. Bf4
Rc8 22. Rd1 Qd7 23. Be2 Qe7 24. Bd3 Ne5 25. Qxd4 Nxd3 26. Qxd3 Bc4 0-1

[Event "29ième Championnat de Martinique"]
[Site "Fort-de-France"]
[Date "2013.05.21"]
[Round "7.2"]
[White "Mendiondo, Yosvany"]
[Black "Marceline, Philippe"]
[Result "1/2-1/2"]
[WhiteElo "2040"]
[BlackElo "1984"]
[PlyCount "126"]
[EventDate "2013.05.18"]
[EventType "tourn"]
[EventRounds "11"]
[EventCountry "MFR"]

1. Nf3 d5 2. b3 Bg4 3. Ne5 Bf5 4. e3 Nd7 5. Bb2 Ngf6 6. Bd3 Bxd3 7. cxd3 Nxe5
8. Bxe5 e6 9. d4 Bd6 10. O-O Bxe5 11. dxe5 Nd7 12. f4 f6 13. d4 Qe7 14. Nc3 c6
15. a3 f5 16. b4 O-O 17. g4 g6 18. Kh1 Kh8 19. Ra2 Rac8 20. g5 Kg7 21. h4 Rh8
22. Rh2 a6 23. h5 Rcg8 24. Na4 b5 25. Nc5 Nxc5 26. dxc5 a5 27. hxg6 hxg6 28.
Rff2 a4 29. Qf3 Rxh2+ 30. Rxh2 Rh8 31. Kg1 Qf7 32. Rh6 Rh7 33. Qh3 Qg8 34. e4
dxe4 35. Qh2 Rxh6 36. Qxh6+ Kf7 37. Qh2 Ke7 38. Kf1 Ke8 39. Ke1 Ke7 40. Kf1 Ke8
41. Ke1 Ke7 42. Qh6 Kf7 43. Ke2 Ke7 44. Ke3 Ke8 45. Qh1 Ke7 46. Qh2 Ke8 47. Qa2
Ke7 48. Qh2 Ke8 49. Qh1 Ke7 50. Kf2 Ke8 51. Kg3 Ke7 52. Qh2 Ke8 53. Qd2 Qf8 54.
Qd1 Qe7 55. Qh1 Qg7 56. Qh2 Qg8 57. Qa2 Ke7 58. Qh2 Ke8 59. Qd2 Qf8 60. Qd1 Qe7
61. Qh1 Qg7 62. Qh2 Qg8 63. Qd2 Qf8 1/2-1/2

[Event "29ième Championnat de Martinique"]
[Site "Fort-de-France"]
[Date "2013.05.21"]
[Round "7.3"]
[White "Chancerel, Dominique"]
[Black "Lafortune, Emerick"]
[Result "0-1"]
[WhiteElo "1832"]
[BlackElo "1713"]
[PlyCount "56"]
[EventDate "2013.05.18"]
[EventType "tourn"]
[EventRounds "11"]
[EventCountry "MFR"]

1. e4 c5 2. Nf3 Nc6 3. Bb5 g6 4. O-O Bg7 5. d3 Nf6 6. Nbd2 O-O 7. Re1 d6 8. c3
Bd7 9. Nf1 a6 10. Bxc6 Bxc6 11. Bg5 h6 12. Bd2 e5 13. Ng3 Ne8 14. a4 b5 15.
axb5 Bxb5 16. c4 Bc6 17. Qc1 Kh7 18. Ba5 Qd7 19. h3 Nc7 20. Nh2 Ne6 21. Bd2 Nd4
22. Ra3 Rfb8 23. Ng4 f5 24. exf5 gxf5 25. Nxh6 f4 26. Nh5 Kxh6 27. Bxf4+ Kxh5
28. g4+ Kg6 0-1

[Event "29ième Championnat de Martinique"]
[Site "Fort-de-France"]
[Date "2013.05.21"]
[Round "6"]
[White "Rapon, Karl Loic"]
[Black "Midonet, Mathieu"]
[Result "0-1"]
[WhiteElo "2069"]
[BlackElo "2138"]
[PlyCount "182"]
[EventDate "2013.05.18"]
[EventRounds "11"]
[EventCountry "MFR"]

1. c4 e5 2. Nc3 Nc6 3. Nf3 Nf6 4. g3 Bc5 5. Bg2 d6 6. d3 h6 7. a3 a6 8. O-O O-O
9. b4 Ba7 10. Bb2 Be6 11. h3 Qd7 12. Kh2 Rae8 13. Rc1 Bf5 14. Nd5 Nh7 15. b5
Ne7 16. Nc3 c6 17. a4 Be6 18. Qb3 f5 19. b6 Bb8 20. d4 Bf7 21. e4 d5 22. exd5
e4 23. dxc6 Nxc6 24. Ne5 Bxe5 25. dxe5 Nxe5 26. Nd5 Nd3 27. Rcd1 Bxd5 28. Rxd3
exd3 29. Bxd5+ Kh8 30. Qxd3 Nf6 31. Bxf6 Rxf6 32. a5 f4 33. Qf3 fxg3+ 34. Qxg3
Ref8 35. f3 Qe7 36. Rg1 Rf4 37. Re1 Qd7 38. Re6 Qa4 39. Re7 Qa1 40. Rxb7 Re8
41. Be4 Rexe4 42. fxe4 Qb2+ 43. Qg2 Rf2 44. Rxg7 Rxg2+ 45. Rxg2 Qe5+ 46. Kg1
Qxa5 47. Rg6 Qe1+ 48. Kh2 Qe2+ 49. Kg3 Qxe4 50. Rxh6+ Kg7 51. Rh5 Qe3+ 52. Kg4
Qg1+ 53. Kf4 Qf2+ 54. Kg4 Qd4+ 55. Kf5 Qxb6 56. Rg5+ Kf7 57. Rg4 Qc5+ 58. Kf4
Qxc4+ 59. Kg5 Qc1+ 60. Kh5 a5 61. h4 a4 62. Rxa4 Qc5+ 63. Kg4 Qg1+ 64. Kh3 Qe3+
65. Kg4 Qe6+ 66. Kg3 Qe1+ 67. Kg2 Qe2+ 68. Kg3 Qd3+ 69. Kf4 Qf1+ 70. Kg3 Qe1+
71. Kg2 Kg6 72. Rf4 Kh5 73. Kf3 Qc3+ 74. Kf2 Qh3 75. Re4 Kg6 76. Rf4 Kg7 77.
Ke2 Qg3 78. Rd4 Kf6 79. Kd2 Ke5 80. Rb4 Qa3 81. Rc4 Kd5 82. Rg4 Qb2+ 83. Ke3
Qc3+ 84. Kf4 Qf6+ 85. Kg3 Ke5 86. h5 Qh6 87. Kh4 Kf5 88. Rg3 Qf4+ 89. Kh3 Qf1+
90. Kh4 Qh1+ 91. Rh3 Qe1+ 0-1

[Event "29ième Championnat de Martinique"]
[Site "Fort-de-France"]
[Date "2013.05.21"]
[Round "8"]
[White "Lafortune, Emerick"]
[Black "Midonet, Mathieu"]
[Result "1/2-1/2"]
[WhiteElo "1713"]
[BlackElo "2138"]
[PlyCount "109"]
[EventDate "2013.05.18"]
[EventRounds "11"]
[EventCountry "MFR"]

1. Nf3 d5 2. d4 Nf6 3. c4 c6 4. g3 Bf5 5. Bg2 e6 6. Nc3 h6 7. O-O Be7 8. Bf4
Nbd7 9. Rc1 O-O 10. Ne5 Nxe5 11. Bxe5 dxc4 12. Qa4 Nd7 13. Qxc4 Nxe5 14. dxe5
Qa5 15. Qb3 Qb6 16. Qxb6 axb6 17. a3 Rfd8 18. Rfd1 Kf8 19. Ne4 Bxe4 20. Bxe4
Ra5 21. Rxd8+ Bxd8 22. f4 Ke8 23. Kf2 Be7 24. Kf3 Kd7 25. Rc3 b5 26. g4 b4 27.
axb4 Bxb4 28. Rb3 Rb5 29. Rd3+ Ke7 30. b3 Ra5 31. h3 Ra1 32. Rd4 Bc5 33. Rc4
Rf1+ 34. Kg3 Be3 35. Bf3 Kd8 36. Re4 Bb6 37. Ra4 Kd7 38. Ra8 Bd8 39. Ra4 Rb1
40. Rd4+ Kc7 41. Rd3 Rb2 42. h4 Be7 43. h5 Bb4 44. f5 c5 45. f6 gxf6 46. exf6
Bd2 47. e3 Be1+ 48. Kh3 Rd2 49. Rxd2 Bxd2 50. g5 hxg5 51. Kg4 Bxe3 52. h6 Bd4
53. Kxg5 Be3+ 54. Kh5 Bd4 55. Kg5 1/2-1/2

[Event "Départage 29ème Championnat Martinique "]
[Site "Fort-de-France"]
[Date "2013.05.25"]
[Round "12.2"]
[White "Mendiondo, Yosvany"]
[Black "Midonet, Mathieu"]
[Result "1/2-1/2"]
[WhiteElo "2040"]
[BlackElo "2138"]
[PlyCount "110"]
[EventDate "2013.05.22"]
[EventType "rapid"]
[EventCountry "MFR"]

1. Nf3 d5 2. g3 Nf6 3. Bg2 Bf5 4. O-O e6 5. d3 c5 6. c4 h6 7. cxd5 exd5 8. Qb3
Qb6 9. Qxb6 axb6 10. Nc3 Bd7 11. Ne5 Bc6 12. Nxc6 bxc6 13. Bf4 Be7 14. Rfc1 O-O
15. e4 d4 16. Ne2 Nfd7 17. Bxb8 Rfxb8 18. f4 Nf6 19. h3 h5 20. a3 Ra5 21. Rc2
Rb5 22. Re1 g6 23. Bf3 Kg7 24. g4 hxg4 25. hxg4 Nd7 26. e5 Rc8 27. g5 Nf8 28.
Bg4 Ne6 29. Bxe6 fxe6 30. Kg2 Rh8 31. Rh1 Rxh1 32. Kxh1 Rb3 33. Nc1 Rb5 34. Kg2
Bf8 35. Kf3 Kg8 36. Ke4 Kf7 37. Ne2 Rb3 38. Ng3 Be7 39. Nh1 b5 40. Rd2 Bd8 41.
Nf2 Bb6 42. Ng4 c4 43. Nf2 c3 44. bxc3 dxc3 45. Rc2 Bxf2 46. Rxf2 Rxa3 47. Kd4
Rb3 48. Rc2 b4 49. Ra2 Rb2 50. Ra7+ Ke8 51. Kc5 c2 52. Kd6 c1=Q 53. Ra8+ Kf7
54. Ra7+ Ke8 55. Ra8+ Kf7 1/2-1/2

[Event "29ième Championnat de Martinique"]
[Site "Fort-de-France"]
[Date "2013.05.19"]
[Round "6"]
[White "Medeuf, Yonhel"]
[Black "Nardol, Fred"]
[Result "1-0"]
[WhiteElo "2072"]
[BlackElo "1894"]
[PlyCount "107"]
[EventDate "2013.05.18"]
[EventType "tourn"]
[EventRounds "11"]
[EventCountry "MFR"]

1. e4 d6 2. d4 Nf6 3. Nc3 g6 4. f4 Bg7 5. Nf3 O-O 6. Bd3 c5 7. d5 e6 8. dxe6
Bxe6 9. f5 Bxf5 10. exf5 Re8+ 11. Ne2 Nc6 12. fxg6 hxg6 13. O-O d5 14. c4 Nb4
15. Bg5 Qb6 16. Nc3 Rad8 17. a3 dxc4 18. axb4 Rxd3 19. Qa4 cxb4+ 20. Kh1 Re6
21. Na2 a5 22. Bh4 Nh7 23. Bf2 Qc6 24. Qxa5 Rxf3 25. Nxb4 Qe4 26. gxf3 Qxf3+
27. Kg1 Bf6 28. Ra3 c3 29. Rxc3 Bxc3 30. bxc3 b6 31. Qd5 Qxc3 32. Nd3 Nf6 33.
Qd8+ Re8 34. Qd4 Qxd4 35. Bxd4 Nd5 36. Rb1 Re6 37. Nc5 Re2 38. Nd7 f5 39. Nf6+
Nxf6 40. Bxf6 Kf7 41. Rxb6 Re6 42. Rxe6 Kxe6 43. Bg5 Ke5 44. Kf2 Ke4 45. Kg3
Kd3 46. Kf4 Ke2 47. Kg3 Kf1 48. h4 Kg1 49. Be3+ Kf1 50. Kf3 Ke1 51. Bb6 Kf1 52.
Bf2 f4 53. Bb6 Ke1 54. Kxf4 1-0